000 00684nam a2200265Ia 4500
001 21917
005 20240114000617.0
007 ta
008 060310s1924 g b000 u ud u
040 _aCotton College,Assam
041 _aud
082 _a891.4391
_bB 934 Z
100 _aBurany, Md. Eliyas.
245 0 _aJazbat-E-Fitrat /
_cMd. Eliyas Burany.
_hTextual Documents
250 _a3rd ed. /
260 _aDelhi :
_bUniversity Aligarh ,
_c1924.
300 _a170p. ;
_c18cm.
653 _aUrdu Poetry-Collections
653 _aG-Urdu
942 _2ddc
_cBK
999 _c21899
_d21899